000 00317nam a22001457a 4500
008 210312b ||||| |||| 00| 0 eng d
020 _a0808917404
041 _aeng
080 _a618
082 _a618
100 _a10
101 _aGJIN
245 _aHandbook of Office Gynecology
_cMartin,L.P
942 _2udc
_cBK
999 _c56581
_d56581